000 01276nam a2200241Ia 4500
999 _c40306
_d40306
001 6914
003 GE_BSU
005 20200203163057.0
008 181216s1979||||ge |||||||||||||| ||geo||
040 _cGE_BSU
041 _ageo
080 _a821.353.1-1 გ-76
100 _aგრანელი, ტერენტი.
_96696
245 _aრჩეული :
_bლექსები ; დღიურები ; ლიტერატურული და პირადი წერილები /
_cტერენტი გრანელი ; შედგენა, წინასიტყვაობა და შენიშვნები ლერი ალიმონაკისა ; რედ. თეიმურაზ აბულაძე.
264 _aთბილისი :
_bსაბჭ.საქართველო,
_c1979.
300 _a455 გვ. ;
_bფოტო-პორტრეტი ;
_c20 სმ.
653 _aრჩეული
653 _aლექსები
653 _aდღიურები
653 _aლიტერატურული და პირადი წერილები
700 _aაბულაძე, თეიმურაზ
_eრედაქტორი
_93860
942 _cBK
_2udc